Física y filosofía: el problema de la relación entre ciencia física y filosofía de la naturaleza
সংরক্ষণ করুন:
| প্রধান লেখক: | |
|---|---|
| বিন্যাস: | গ্রন্থ |
| ভাষা: | স্প্যানিশ |
| প্রকাশিত: |
Madrid
Consejo Superior de Investigaciones Científicas
1952
|
| মালা: | Serie 5ª: Monografías Filosóficas, 2
|
| বিষয়গুলি: | |
| ট্যাগগুলো: |
ট্যাগ যুক্ত করুন
কোনো ট্যাগ নেই, প্রথমজন হিসাবে ট্যাগ করুন!
|
MARC
| LEADER | 00000nam a2200000 a 4500 | ||
|---|---|---|---|
| 001 | UCT3189 | ||
| 003 | CL-VaPUC | ||
| 008 | 961018e19520000SP |||||||||||||||||spa|d | ||
| 082 | 0 | 4 | |a 530.01 |b PAR |2 21 |
| 100 | |a París, Carlos |e autor |9 388181 | ||
| 245 | 1 | 0 | |a Física y filosofía: el problema de la relación entre ciencia física y filosofía de la naturaleza |
| 300 | |a 373 p | ||
| 942 | |c BK | ||
| 945 | |d 19961018 00:00:00 |a paguirre | ||
| 260 | |a Madrid |b Consejo Superior de Investigaciones Científicas |c 1952 | ||
| 650 | 0 | |a Filosofía de las ciencias |9 256466 | |
| 650 | 0 | |a Ciencia |9 255691 | |
| 650 | 0 | |a Física |9 227844 | |
| 650 | 0 | |a Cosmología |9 269138 | |
| 650 | 0 | |a Filosofía de la naturaleza |9 265899 | |
| 583 | |a last modification |c 19961018 00:00:00 |k Rodrigo Vera | ||
| 490 | 0 | |a Serie 5ª: Monografías Filosóficas, 2 | |
| 999 | |c 252940 |d 252938 | ||